| 000 | 00441nam a2200181Ia 4500 | ||
|---|---|---|---|
| 005 | 20250324071018.0 | ||
| 008 | 240331s9999 xx 000 0 und d | ||
| 020 | _a0333480414 | ||
| 082 |
_a302.234 _bTHU _22053 |
||
| 100 | _aThumim, J | ||
| 245 | 0 |
_aCelluloid Sisters : _bWomen and Popular Cinema |
|
| 260 |
_aLondon, _bMacmillan _c1992 |
||
| 300 | _axi, 247 p., | ||
| 650 | _aWomen | ||
| 650 | _aCinema | ||
| 650 | _aSociety | ||
| 942 | _cL | ||
| 999 |
_c1187 _d1187 |
||